| 000 | 00753nam a22002415a 4500 | ||
|---|---|---|---|
| 005 | 20201128023748.0 | ||
| 008 | 160609t2014 ii a frb 001 0 eng d | ||
| 020 | _a9788126556236 | ||
| 040 |
_aEG-ScBUE _beng _cEG-ScBUE _dEG-ScBUE |
||
| 082 | 0 | 4 |
_222 _a004.6782 _bABB |
| 100 | 1 |
_aAbbadi, Imad M. _940140 |
|
| 245 | 1 | 0 |
_aCloud management and security / _cImad M. Abbadi. |
| 260 |
_aNew Delhi : _bWiley, _cc.2014. |
||
| 300 |
_axxii, 216 p. : _bill. ; _c24 cm. |
||
| 500 | _aIndex : p. [213]-2016. | ||
| 504 | _aIncludes bibliographical references. | ||
| 650 | 7 |
_2BUEsh _937309 _aCloud computing. |
|
| 650 | 7 |
_92637 _aComputer security. _2BUEsh |
|
| 650 | 7 |
_aWeb services. _2BUEsh _940141 |
|
| 651 | _2BUEsh | ||
| 653 |
_bCOMSCI _cJune2016 |
||
| 942 | _2ddc | ||
| 999 |
_c21861 _d21833 |
||